<?xml version="1.0" encoding="UTF-8"?>
<record
    xmlns:xsi="http://www.w3.org/2001/XMLSchema-instance"
    xsi:schemaLocation="http://www.loc.gov/MARC21/slim http://www.loc.gov/standards/marcxml/schema/MARC21slim.xsd"
    xmlns="http://www.loc.gov/MARC21/slim">

  <leader>00770nam a22002417a 4500</leader>
  <datafield tag="999" ind1=" " ind2=" ">
    <subfield code="c">165871</subfield>
    <subfield code="d">165871</subfield>
  </datafield>
  <controlfield tag="005">20190703170726.0</controlfield>
  <datafield tag="010" ind1=" " ind2=" ">
    <subfield code="a">B-29284</subfield>
  </datafield>
  <datafield tag="020" ind1=" " ind2=" ">
    <subfield code="a">-</subfield>
    <subfield code="c">300.00</subfield>
  </datafield>
  <datafield tag="035" ind1=" " ind2=" ">
    <subfield code="a">B-29284</subfield>
  </datafield>
  <datafield tag="037" ind1=" " ind2=" ">
    <subfield code="b">BPPD/Ven.</subfield>
    <subfield code="a">dpl</subfield>
  </datafield>
  <datafield tag="082" ind1=" " ind2=" ">
    <subfield code="a">840</subfield>
  </datafield>
  <datafield tag="100" ind1=" " ind2=" ">
    <subfield code="a">&#x634;&#x641;&#x64A;&#x639; &#x634;&#x64A;&#x62E;</subfield>
  </datafield>
  <datafield tag="245" ind1=" " ind2=" ">
    <subfield code="a">&#x639;&#x631; &#x628;&#x6CC; &#x632; &#x628;&#x627; &#x646; &#x648; &#x627; &#x62F; &#x628; &#x6A9;&#x627; &#x627; &#x631; &#x62F; &#x648;  &#x67E;&#x631; &#x627; &#x62B;&#x631;</subfield>
    <subfield code="c">&#x634;&#x641;&#x64A;&#x639; &#x634;&#x64A;&#x62E;</subfield>
    <subfield code="h">Urdu</subfield>
  </datafield>
  <datafield tag="246" ind1=" " ind2=" ">
    <subfield code="a">Arabi Zuban -o-Adab ka Urdu par Asar  (Urdu)</subfield>
    <subfield code="b">by Shafi Sheikh</subfield>
  </datafield>
  <datafield tag="250" ind1=" " ind2=" ">
    <subfield code="a">2000</subfield>
  </datafield>
  <datafield tag="260" ind1=" " ind2=" ">
    <subfield code="a">N.Delhi 110025</subfield>
    <subfield code="b">Maktaba Jamia Ltd.</subfield>
  </datafield>
  <datafield tag="270" ind1=" " ind2=" ">
    <subfield code="a">Okhla Jamia Nagar</subfield>
  </datafield>
  <datafield tag="300" ind1=" " ind2=" ">
    <subfield code="a">376&#x635;</subfield>
    <subfield code="c">22cm(Hbk)</subfield>
  </datafield>
  <datafield tag="490" ind1=" " ind2=" ">
    <subfield code="a">Jaico illustrated classics series</subfield>
  </datafield>
  <datafield tag="942" ind1=" " ind2=" ">
    <subfield code="2">ddc</subfield>
    <subfield code="c">UR</subfield>
    <subfield code="m">&#x634; &#x641; &#x6CC;   </subfield>
    <subfield code="h">840</subfield>
  </datafield>
  <datafield tag="952" ind1=" " ind2=" ">
    <subfield code="0">0</subfield>
    <subfield code="1">0</subfield>
    <subfield code="4">0</subfield>
    <subfield code="7">-1</subfield>
    <subfield code="8">NFIC</subfield>
    <subfield code="a">L</subfield>
    <subfield code="b">L</subfield>
    <subfield code="d">2019-07-03</subfield>
    <subfield code="e">BPPD/Ven.</subfield>
    <subfield code="g">300.00</subfield>
    <subfield code="l">0</subfield>
    <subfield code="o">840 &#x634; &#x641; &#x6CC;</subfield>
    <subfield code="p">B-29284</subfield>
    <subfield code="r">2019-07-03 00:00:00</subfield>
    <subfield code="t">1</subfield>
    <subfield code="v">300.00</subfield>
    <subfield code="w">2019-07-03</subfield>
    <subfield code="y">UR</subfield>
  </datafield>
</record>
